[Event "6th EUR-ch (w)"]
[Site "Chisinau MDA"]
[Date "2005.06.12"]
[Round "2"]
[White "Kochetkova, Yulia"]
[Black "Socko, Monika"]
[Result "1/2-1/2"]
[WhiteElo "2311"]
[BlackElo "2464"]
[EventDate "2005.06.10"]
[PlyCount "75"]

1.e4 e6 2.d4 d5 3.Nd2 Nf6 4.e5 Nfd7 5.c3 c5 6.Bd3 Nc6 7.Ne2 cxd4 8.cxd4 f6
9.exf6 Nxf6 10.O-O Bd6 11.Nf3 O-O 12.Bf4 Bxf4 13.Nxf4 Ng4 14.g3 g5 15.Ng2 
Qf6 16.Ne3 Nh6 17.Be2 Nf5 18.Nxf5 exf5 19.Ne5 f4 20.Bf3 Be6 21.Rc1 Rac8 
22.Nxc6 Rxc6 23.Rxc6 bxc6 24.g4 Bf7 25.Re1 Re8 26.Rxe8+ Bxe8 27.Qe1 Kf8 
28.Qb4+ Qe7 29.Qb8 Kg7 30.h4 h6 31.hxg5 hxg5 32.b4 Bg6 33.b5 Bd3 34.bxc6 
Qe1+ 35.Kh2 Qxf2+ 36.Bg2 Qg3+ 37.Kh1 Qh4+ 38.Kg1 1/2-1/2

[Event "6th EUR-ch (w)"]
[Site "Chisinau MDA"]
[Date "2005.06.12"]
[Round "2"]
[White "Cmilyte, Viktorija"]
[Black "Rohonyan, Kateryna"]
[Result "1-0"]
[WhiteElo "2459"]
[BlackElo "2309"]
[EventDate "2005.06.10"]
[PlyCount "55"]

1.d4 d5 2.c4 e6 3.Nc3 c5 4.cxd5 exd5 5.g3 Nc6 6.Nf3 Nf6 7.Bg2 Be7 8.O-O 
O-O 9.Bg5 cxd4 10.Nxd4 h6 11.Bf4 Bg4 12.h3 Be6 13.Rc1 Qd7 14.Nxe6 fxe6 15.
e4 d4 16.e5 dxc3 17.exf6 Qxd1 18.Rfxd1 Bxf6 19.bxc3 Rad8 20.Be3 Rxd1+ 21.
Rxd1 Bxc3 22.Bxc6 bxc6 23.Rc1 Ba5 24.Rxc6 Rb8 25.Bxa7 Rb2 26.Ra6 Rxa2 27.
Kg2 Ra3 28.Bc5 1-0

[Event "6th EUR-ch (w)"]
[Site "Chisinau MDA"]
[Date "2005.06.12"]
[Round "2"]
[White "Voicu, Carmen"]
[Black "Kosintseva, Nadezhda"]
[Result "1/2-1/2"]
[WhiteElo "2310"]
[BlackElo "2459"]
[EventDate "2005.06.10"]
[PlyCount "111"]

1.e4 c5 2.Nf3 Nc6 3.d4 cxd4 4.Nxd4 Nf6 5.Nc3 d6 6.Be2 g6 7.Be3 Bg7 8.Qd2 
O-O 9.O-O Nxd4 10.Bxd4 Bd7 11.Rad1 Bc6 12.Qd3 Qa5 13.a3 Rac8 14.Bf3 Qc7 
15.Rd2 a6 16.Re1 Bh6 17.Be3 Bxe3 18.Qxe3 e5 19.Red1 Rfd8 20.g3 b5 21.h4 h5
22.Qg5 Kg7 23.Rd3 Rd7 24.Bg2 Rcd8 25.Qe3 a5 26.b4 axb4 27.axb4 Ra8 28.Qd2 
Ra3 29.Nxb5 Rxd3 30.Qxd3 Bxb5 31.Qxb5 Qxc2 32.Qd3 Qxd3 33.Rxd3 Rb7 34.Rxd6
Rxb4 35.f3 Rb1+ 36.Bf1 Nh7 37.Kf2 Rc1 38.Rd5 Kf6 39.f4 exf4 40.gxf4 Ke7 
41.e5 Nf8 42.Bh3 Rc3 43.Kg2 Rc7 44.Kf3 Rb7 45.Rd3 Rb4 46.Ke3 Rb1 47.Kf3 
Ne6 48.Bxe6 Kxe6 49.Rd6+ Ke7 50.Ra6 Rf1+ 51.Kg3 Rg1+ 52.Kf3 Rg4 53.Ra7+ 
Kf8 54.Ra8+ Kg7 55.Ra7 Kf8 56.Ra8+ 1/2-1/2

[Event "6th EUR-ch (w)"]
[Site "Chisinau MDA"]
[Date "2005.06.12"]
[Round "2"]
[White "Ovod, Evgenia"]
[Black "Skripchenko, Almira"]
[Result "1/2-1/2"]
[WhiteElo "2305"]
[BlackElo "2453"]
[EventDate "2005.06.10"]
[PlyCount "48"]

1.d4 Nf6 2.c4 e6 3.Nc3 Bb4 4.f3 d5 5.a3 Bxc3+ 6.bxc3 c6 7.e3 O-O 8.Bd3 b6 
9.Ne2 Ba6 10.cxd5 cxd5 11.O-O Qc8 12.e4 Nc6 13.Bg5 Nd7 14.f4 f6 15.Bh4 Na5
16.exd5 exd5 17.f5 Nc4 18.Rf3 Re8 19.Ra2 Nf8 20.Rg3 Kh8 21.Qc1 Qc6 22.Nf4 
Re7 23.Re2 Rae8 24.Rxe7 Rxe7 1/2-1/2

[Event "6th EUR-ch (w)"]
[Site "Chisinau MDA"]
[Date "2005.06.12"]
[Round "2"]
[White "Velikhanli, Firuza"]
[Black "Peptan, Corina-Isabela"]
[Result "1-0"]
[WhiteElo "2303"]
[BlackElo "2435"]
[EventDate "2005.06.10"]
[PlyCount "111"]

1.e4 c5 2.Nf3 e6 3.d4 cxd4 4.Nxd4 a6 5.Nc3 b5 6.a4 b4 7.Na2 Bb7 8.Bd3 Nf6 
9.Qe2 Qb6 10.Nb3 a5 11.O-O Be7 12.Be3 Qc7 13.Bg5 Nc6 14.Rfe1 Ne5 15.Nd4 
Nxd3 16.cxd3 O-O 17.Nc1 Nd5 18.Bxe7 Nxe7 19.Ncb3 d6 20.Rec1 Qb8 21.Qe3 e5 
22.Nf3 Ng6 23.d4 Qa7 24.Rc7 Qb6 25.Rac1 Nf4 26.R7c2 Ba6 27.Kh1 Ng6 28.Rc6 
Qd8 29.dxe5 dxe5 30.R6c5 Rc8 31.Rd5 Rxc1+ 32.Qxc1 Qf6 33.Rxa5 Rd8 34.h3 
Be2 35.Qe3 Bc4 36.Nbd2 Be6 37.Kh2 h6 38.Rb5 b3 39.a5 Nf4 40.Nxe5 Qg5 41.g3
Nxh3 42.Qxg5 hxg5 43.Nxb3 Nxf2 44.Nc5 Bh3 45.Kg1 Rd2 46.Nf3 Rc2 47.Nxg5 g6
48.a6 Bc8 49.a7 Ng4 50.a8=Q Rc1+ 51.Kg2 Rc2+ 52.Kf1 Ne3+ 53.Kg1 Rc1+ 54.
Kf2 Ng4+ 55.Ke2 Rc2+ 56.Kd3 1-0

[Event "6th EUR-ch (w)"]
[Site "Chisinau MDA"]
[Date "2005.06.12"]
[Round "2"]
[White "Javakhishvili, Lela"]
[Black "Nebolsina, Vera"]
[Result "1-0"]
[WhiteElo "2430"]
[BlackElo "2302"]
[EventDate "2005.06.10"]
[PlyCount "53"]

1.d4 d5 2.Nf3 Nf6 3.c4 c6 4.e3 Bf5 5.Nc3 e6 6.Nh4 Be4 7.f3 Nh5 8.g3 Bg6 9.
Qb3 Qc7 10.g4 Nf6 11.Bd2 Be7 12.Nxg6 hxg6 13.O-O-O Nbd7 14.cxd5 Nxd5 15.
Kb1 a5 16.e4 Nxc3+ 17.Bxc3 O-O 18.h4 b5 19.Bd2 a4 20.Qe3 a3 21.b3 c5 22.
Rc1 Qb6 23.dxc5 Bxc5 24.Qe2 Bd4 25.h5 Nc5 26.hxg6 Nxb3 27.Rh8+ 1-0

[Event "6th EUR-ch (w)"]
[Site "Chisinau MDA"]
[Date "2005.06.12"]
[Round "2"]
[White "Malysheva, Polina"]
[Black "Matveeva, Svetlana"]
[Result "0-1"]
[WhiteElo "2301"]
[BlackElo "2423"]
[EventDate "2005.06.10"]
[PlyCount "142"]

1.e4 e6 2.d4 d5 3.e5 c5 4.c3 Qb6 5.Nf3 Nc6 6.a3 Nh6 7.b4 cxd4 8.cxd4 Nf5 
9.Bb2 Be7 10.Bd3 a5 11.Qa4 O-O 12.O-O Ncxd4 13.Nxd4 Nxd4 14.Bc3 axb4 15.
Qxa8 bxc3 16.Qa4 c2 17.Nd2 Qb2 18.Bxc2 Nxc2 19.Rfb1 Qc3 20.Rc1 Qxd2 21.
Rxc2 Bd7 22.Qxd7 Qxc2 23.Qxe7 Qb2 24.Re1 h6 25.h3 Rc8 26.Qd7 Rc1 27.Rxc1 
Qxc1+ 28.Kh2 Qf4+ 29.Kg1 Qc1+ 30.Kh2 Qf4+ 31.Kg1 Qxe5 32.Qe8+ Kh7 33.Qxf7 
b5 34.Qf3 Qe1+ 35.Kh2 Qd2 36.h4 Kg8 37.g3 Qc2 38.Kg2 d4 39.h5 Qc4 40.Qa8+ 
Kf7 41.Qb7+ Kf6 42.Qf3+ Ke7 43.Qb7+ Kd6 44.Qxg7 Qd5+ 45.Kg1 d3 46.Qf8+ Kd7
47.Qg7+ Kd8 48.Qh8+ Kc7 49.Qc3+ Kb7 50.Qd2 Qe4 51.Qa5 Qd5 52.Qd2 Ka6 53.
Qc3 d2 54.Qc8+ Kb6 55.Qb8+ Kc5 56.Qc7+ Kd4 57.Qc2 Ke5 58.Qd1 Qd3 59.f4+ 
Kd4 60.Kf2 Qe3+ 61.Kf1 Kc3 62.Qa1+ Kb3 63.Qb1+ Kxa3 64.Qa1+ Kb3 65.Qb1+ 
Kc4 66.Qa2+ Kb4 67.Qb1+ Qb3 68.Qe4+ Ka3 69.Qa8+ Kb2 70.Qh8+ Kc2 71.Qh7+ 
Qd3+ 0-1

[Event "6th EUR-ch (w)"]
[Site "Chisinau MDA"]
[Date "2005.06.12"]
[Round "2"]
[White "Kursova, Maria"]
[Black "Kachiani-Gersinska, Ketino"]
[Result "1/2-1/2"]
[WhiteElo "2300"]
[BlackElo "2418"]
[EventDate "2005.06.10"]
[PlyCount "113"]

1.d4 d5 2.Nf3 Nf6 3.c4 c6 4.e3 Bg4 5.h3 Bxf3 6.Qxf3 e6 7.Nc3 Nbd7 8.Bd3 
Bd6 9.Bd2 O-O 10.O-O Qe7 11.Rfd1 Rfe8 12.Bf1 Rac8 13.Re1 Qf8 14.Qd1 dxc4 
15.Bxc4 e5 16.dxe5 Nxe5 17.Bf1 b5 18.Qc2 Bb8 19.Rad1 Rcd8 20.Bc1 Ned7 21.
b3 Qc5 22.Rd2 Nb6 23.Bb2 Rxd2 24.Qxd2 Qe5 25.g3 Qg5 26.Bg2 b4 27.Ne2 Nbd5 
28.Nf4 a5 29.Bxf6 Qxf6 30.Nxd5 cxd5 31.Bxd5 Rd8 32.Rd1 Bd6 33.e4 h5 34.h4 
Kh7 35.Qe2 g6 36.Bc4 Bc7 37.Rxd8 Bxd8 38.e5 Qe7 39.e6 fxe6 40.Bxe6 Kg7 41.
Qd2 Bb6 42.Bc4 Qf6 43.Kg2 Qd4 44.Qe2 Qf6 45.f4 Qc6+ 46.Kh2 Qf6 47.Qe8 Bd8 
48.Qg8+ Kh6 49.Bd3 Bb6 50.Qd5 Bc7 51.Kh3 Qd6 52.Qe4 Qd7+ 53.Kh2 Qd6 54.Qe8
Qf6 55.Qe4 Qd6 56.Qe8 Qf6 57.Qe4 1/2-1/2

[Event "6th EUR-ch (w)"]
[Site "Chisinau MDA"]
[Date "2005.06.12"]
[Round "2"]
[White "Khurtsidze, Nino"]
[Black "Vozovic, Oksana"]
[Result "1-0"]
[WhiteElo "2418"]
[BlackElo "2288"]
[EventDate "2005.06.10"]
[PlyCount "83"]

1.d4 Nf6 2.Nf3 b6 3.c4 e6 4.g3 Ba6 5.b3 b5 6.cxb5 Bxb5 7.Bg2 Bc6 8.O-O Be7
9.Ba3 O-O 10.Bxe7 Qxe7 11.Nc3 a5 12.a3 Na6 13.Qc2 Rfb8 14.e4 Bb7 15.Nd2 c5
16.d5 Nc7 17.Rfe1 exd5 18.exd5 Qf8 19.Qf5 d6 20.Rab1 Bc8 21.Qd3 Ba6 22.Nc4
Nb5 23.Nxb5 Rxb5 24.Qc3 Bb7 25.Ne3 Qc8 26.Qc4 Rb6 27.Qf4 Qd7 28.Nf5 g6 29.
Ne3 Kg7 30.Qh4 h6 31.Qc4 a4 32.b4 Ba6 33.Qc3 Rc8 34.bxc5 Rxc5 35.Qd4 Rxb1 
36.Rxb1 h5 37.h3 Rb5 38.Rxb5 Qxb5 39.g4 hxg4 40.hxg4 Qd3 41.Qa1 g5 42.Bf1 
1-0

[Event "6th EUR-ch (w)"]
[Site "Chisinau MDA"]
[Date "2005.06.12"]
[Round "2"]
[White "Hryhorenko, Natalia"]
[Black "Sebag, Marie"]
[Result "1/2-1/2"]
[WhiteElo "2294"]
[BlackElo "2417"]
[EventDate "2005.06.10"]
[PlyCount "98"]

1.d4 d5 2.Nf3 Nf6 3.c4 c6 4.g3 Bf5 5.Nc3 e6 6.Bg2 Be7 7.O-O O-O 8.Nh4 Bg4 
9.h3 Bh5 10.g4 Bg6 11.Nxg6 hxg6 12.Qd3 Qc7 13.Bg5 Nxg4 14.hxg4 Bxg5 15.e3 
Bf6 16.f4 g5 17.Rf3 gxf4 18.exf4 dxc4 19.Qxc4 Qb6 20.Rd1 Rd8 21.Rfd3 Nd7 
22.g5 Bxg5 23.fxg5 Ne5 24.Qb3 Nxd3 25.Rxd3 Qxb3 26.axb3 Kf8 27.Kf2 Ke7 28.
b4 Rac8 29.Ke3 Rh8 30.Rd2 Rh5 31.Kf4 f5 32.gxf6+ gxf6 33.Bf3 Rh4+ 34.Ke3 
Rg8 35.b5 cxb5 36.Nxb5 a6 37.Nc3 b5 38.Ne4 Rd8 39.Rc2 f5 40.Rc7+ Rd7 41.
Rxd7+ Kxd7 42.Nc5+ Kd6 43.Nxa6 e5 44.dxe5+ Kxe5 45.Nb8 f4+ 46.Kd3 Rh2 47.
Nc6+ Kd6 48.b4 Kc7 49.Nd4 Kb6 1/2-1/2

[Event "6th EUR-ch (w)"]
[Site "Chisinau MDA"]
[Date "2005.06.12"]
[Round "2"]
[White "Mamedyarova, Zeinab"]
[Black "Pahtz, Elisabeth"]
[Result "0-1"]
[WhiteElo "2286"]
[BlackElo "2407"]
[EventDate "2005.06.10"]
[PlyCount "138"]

1.d4 Nf6 2.Nf3 e6 3.e3 b6 4.Bd3 Bb7 5.O-O c5 6.c4 d6 7.b3 g6 8.Bb2 Bg7 9.
Nc3 O-O 10.Qe2 a6 11.Rfd1 Qc7 12.Rd2 Re8 13.Rad1 cxd4 14.exd4 Nc6 15.Re1 
Rad8 16.Rdd1 Qb8 17.Qd2 Ne7 18.Ne4 Nxe4 19.Bxe4 d5 20.cxd5 Nxd5 21.Qe2 Nf4
22.Qf1 b5 23.Bxb7 Qxb7 24.Ne5 Rc8 25.Rc1 Nd5 26.Ba3 Bh6 27.Rxc8 Rxc8 28.
Bc5 Nf6 29.Qd3 Qd5 30.h3 Bg7 31.a4 Nd7 32.Nxd7 Qxd7 33.b4 Ra8 34.Qe4 Rd8 
35.axb5 Qxb5 36.Rc1 h5 37.Rc2 Rd5 38.Qe3 a5 39.bxa5 Qxa5 40.Rc1 Kh7 41.Rb1
Rd7 42.g3 Qa2 43.Rb4 Qd5 44.h4 Rd8 45.Qb3 Qxb3 46.Rxb3 Bxd4 47.Bxd4 Rxd4 
48.Rb2 Kg7 49.Kg2 Rd3 50.Kf1 Kf6 51.Ke2 Ra3 52.Rc2 e5 53.Rb2 Ke6 54.Rc2 f6
55.Rc6+ Kf5 56.Rb6 Ra4 57.Rc6 Rd4 58.Ke3 Rd7 59.Ra6 Re7 60.Rb6 Re6 61.Rb8 
Kg4 62.Rb4+ Kh3 63.Kf3 f5 64.Rb5 e4+ 65.Kf4 e3 66.fxe3 Re4+ 67.Kf3 Rg4 68.
Kf2 Rxg3 69.Rb4 Rg4 0-1

[Event "6th EUR-ch (w)"]
[Site "Chisinau MDA"]
[Date "2005.06.12"]
[Round "2"]
[White "Makropoulou, Marina"]
[Black "Mkrtchian, Lilit"]
[Result "0-1"]
[WhiteElo "2285"]
[BlackElo "2400"]
[EventDate "2005.06.10"]
[PlyCount "90"]

1.e4 e5 2.Nf3 Nc6 3.Bb5 a6 4.Bxc6 dxc6 5.O-O f6 6.d4 Bg4 7.c3 Bd6 8.h3 Bh5
9.Nbd2 Qe7 10.Qb3 O-O-O 11.Nh4 Bf7 12.Nf5 Qd7 13.Nxd6+ cxd6 14.d5 Ne7 15.
Nc4 Kb8 16.Nb6 Qc7 17.c4 f5 18.Bg5 c5 19.exf5 Nxf5 20.Bxd8 Rxd8 21.Na4 Nd4
22.Qd1 Qa5 23.a3 Bg6 24.Nc3 Qb6 25.Ne2 Qxb2 26.Nxd4 cxd4 27.Qc1 Qb3 28.Qg5
Rc8 29.Qe7 Qb6 30.Rfc1 Ka7 31.Qxg7 Rc7 32.Qh6 Qb2 33.Qg5 Bc2 34.Qd8 Rxc4 
35.Qxd6 d3 36.Qh6 Rf4 37.Qd6 Qd4 38.Kh2 Rxf2 39.Rab1 Bxb1 40.Rxb1 Rf7 41.
Qe6 Rg7 42.Qf6 Rd7 43.Rb4 Qxd5 44.Qf2+ Ka8 45.Qd2 e4 0-1

[Event "6th EUR-ch (w)"]
[Site "Chisinau MDA"]
[Date "2005.06.12"]
[Round "2"]
[White "Sharevich, Anna"]
[Black "Repkova, Eva"]
[Result "1/2-1/2"]
[WhiteElo "2278"]
[BlackElo "2392"]
[EventDate "2005.06.10"]
[PlyCount "55"]

1.d4 d5 2.Nf3 e6 3.c4 Nf6 4.g3 Be7 5.Bg2 O-O 6.O-O dxc4 7.a4 Nc6 8.Qc2 
Nxd4 9.Nxd4 Qxd4 10.Be3 Qg4 11.f3 Qf5 12.Qxc4 c6 13.Bf2 Qd5 14.Qc2 e5 15.
e4 Qa5 16.Nd2 Be6 17.Rfd1 Rfd8 18.Bf1 Qc7 19.Bc4 Bxc4 20.Qxc4 Qa5 21.Qc2 
Nd7 22.Nc4 Qc7 23.Ne3 Qa5 24.Nc4 Qb4 25.Be1 Qc5+ 26.Bf2 Qb4 27.Be1 Qc5+ 
28.Bf2 1/2-1/2

[Event "6th EUR-ch (w)"]
[Site "Chisinau MDA"]
[Date "2005.06.12"]
[Round "2"]
[White "Klinova, Masha"]
[Black "Ptacnikova, Lenka"]
[Result "1-0"]
[WhiteElo "2391"]
[BlackElo "2277"]
[EventDate "2005.06.10"]
[PlyCount "59"]

1.e4 c5 2.Nf3 Nc6 3.Bb5 g6 4.Bxc6 dxc6 5.d3 Bg7 6.h3 Nf6 7.Nc3 Nd7 8.Be3 
b6 9.Qd2 h6 10.O-O e5 11.Nh2 g5 12.a3 a5 13.Ne2 a4 14.Ng3 Nf6 15.Qe2 Be6 
16.Bd2 Nd7 17.Nh5 Bf8 18.Bc3 Rg8 19.Ng4 f6 20.Qf3 Rg6 21.Rfb1 Bd6 22.b4 
axb3 23.cxb3 Qe7 24.Ne3 Qf7 25.Nf5 Bf8 26.b4 g4 27.hxg4 Qg8 28.bxc5 bxc5 
29.Rb7 Rxg4 30.Rxd7 1-0

[Event "6th EUR-ch (w)"]
[Site "Chisinau MDA"]
[Date "2005.06.12"]
[Round "2"]
[White "Hagarova, Zuzana"]
[Black "Makka, Ioulia"]
[Result "1-0"]
[WhiteElo "2386"]
[BlackElo "2250"]
[EventDate "2005.06.10"]
[PlyCount "81"]

1.e4 e6 2.d4 d5 3.e5 c5 4.c3 Qb6 5.Nf3 Bd7 6.Bd3 cxd4 7.Nxd4 Nc6 8.Nxc6 
bxc6 9.O-O Ne7 10.Nd2 Ng6 11.Nf3 Be7 12.Qe2 Rb8 13.Re1 O-O 14.h4 f5 15.
exf6 gxf6 16.h5 Ne5 17.Nxe5 fxe5 18.Bh6 Rf7 19.Qg4+ Kh8 20.Be3 Qc7 21.Bg6 
hxg6 22.hxg6 Rg7 23.Qh5+ Kg8 24.Bh6 Bf6 25.Bxg7 Bxg7 26.Re3 e4 27.f3 Qf4 
28.Re2 e3 29.Rae1 Qh6 30.Qg4 Rb7 31.f4 Bf6 32.Rxe3 Kg7 33.Rg3 Rxb2 34.Qf3 
Bh4 35.Rh3 Kg8 36.Rf1 Be8 37.Qg4 Qxg6 38.Rxh4 Rxa2 39.Qh3 Bf7 40.Rg4 Kf8 
41.Rxg6 1-0

[Event "6th EUR-ch (w)"]
[Site "Chisinau MDA"]
[Date "2005.06.12"]
[Round "2"]
[White "Tsereteli, Tamara"]
[Black "Collas, Silvia"]
[Result "1/2-1/2"]
[WhiteElo "2273"]
[BlackElo "2381"]
[EventDate "2005.06.10"]
[PlyCount "24"]

1.e4 c5 2.Nf3 e6 3.d4 cxd4 4.Nxd4 a6 5.Nc3 Qc7 6.Bd3 Nf6 7.O-O Be7 8.Be3 
d6 9.f4 b5 10.a3 Bb7 11.Qf3 Nbd7 12.Rae1 Nc5 1/2-1/2

[Event "6th EUR-ch (w)"]
[Site "Chisinau MDA"]
[Date "2005.06.12"]
[Round "2"]
[White "Bojkovic, Natasa"]
[Black "Laesson, Tuulikki"]
[Result "1-0"]
[WhiteElo "2371"]
[BlackElo "2246"]
[EventDate "2005.06.10"]
[PlyCount "85"]

1.e4 c5 2.Nf3 Nc6 3.d4 cxd4 4.Nxd4 d6 5.c4 Nf6 6.Nc3 g6 7.Be2 Bg7 8.Be3 
O-O 9.O-O Bd7 10.Qd2 Ng4 11.Bxg4 Bxg4 12.Rac1 Ne5 13.b3 Bd7 14.f3 a6 15.
Rfd1 Re8 16.Nde2 b6 17.Nd5 Rb8 18.Qe1 Bc6 19.Nb4 Bb7 20.Qf2 Nd7 21.Nf4 a5 
22.Nc2 Nc5 23.Ne2 Qc8 24.Ncd4 Ba6 25.Nc3 Qb7 26.Nd5 Rbc8 27.Qh4 f6 28.Nc3 
Qd7 29.Qf2 f5 30.exf5 gxf5 31.Nd5 Rb8 32.Ne2 e5 33.Nxb6 Rxb6 34.Bxc5 Rc6 
35.Be3 a4 36.Rd5 axb3 37.axb3 Rb8 38.Rd3 f4 39.Bd2 Qf5 40.Rd5 Rxb3 41.Nd4 
Qc8 42.Nxb3 Bxc4 43.Na5 1-0

[Event "6th EUR-ch (w)"]
[Site "Chisinau MDA"]
[Date "2005.06.12"]
[Round "2"]
[White "Tarasova, Viktoria"]
[Black "Celuskina, Irina"]
[Result "1/2-1/2"]
[WhiteElo "2268"]
[BlackElo "2369"]
[EventDate "2005.06.10"]
[PlyCount "31"]

1.c4 c5 2.Nc3 Nc6 3.g3 g6 4.Bg2 Bg7 5.e4 a6 6.Nge2 b5 7.cxb5 axb5 8.Nxb5 
Ba6 9.Nec3 Nd4 10.Nxd4 cxd4 11.Ne2 h5 12.h3 e6 13.O-O Ne7 14.d3 Nc6 15.a3 
Ne5 16.Nf4 1/2-1/2

[Event "6th EUR-ch (w)"]
[Site "Chisinau MDA"]
[Date "2005.06.12"]
[Round "2"]
[White "Pogonina, Natalia"]
[Black "Dolzhikova, Kateryna"]
[Result "1/2-1/2"]
[WhiteElo "2355"]
[BlackElo "2232"]
[EventDate "2005.06.10"]
[PlyCount "47"]

1.e4 c5 2.Nf3 d6 3.d4 cxd4 4.Nxd4 Nf6 5.Nc3 g6 6.Be3 Bg7 7.f3 O-O 8.Qd2 
Nc6 9.O-O-O d5 10.Kb1 Nxd4 11.e5 Nf5 12.exf6 Bxf6 13.Nxd5 Qxd5 14.Qxd5 
Nxe3 15.Qd2 Nxd1 16.Qxd1 Be6 17.Bd3 Rfd8 18.Qe2 Rd4 19.Rd1 Rad8 20.Qe1 Bf5
21.Be2 Rc8 22.Bd3 Rcd8 23.Be2 Rc8 24.Bd3 1/2-1/2

[Event "6th EUR-ch (w)"]
[Site "Chisinau MDA"]
[Date "2005.06.12"]
[Round "2"]
[White "Ushenina, Anna"]
[Black "Burtasova, Anna"]
[Result "1-0"]
[WhiteElo "2350"]
[BlackElo "2223"]
[EventDate "2005.06.10"]
[PlyCount "69"]

1.d4 Nf6 2.c4 c5 3.d5 b5 4.cxb5 a6 5.bxa6 Bxa6 6.Nc3 d6 7.g3 g6 8.Bg2 Bg7 
9.Nf3 Nbd7 10.Rb1 O-O 11.O-O Qa5 12.Bd2 Bb7 13.Qc2 Qa6 14.e4 e6 15.dxe6 
fxe6 16.Ng5 Rae8 17.a4 h6 18.Nh3 Qb6 19.Nb5 d5 20.f3 Ne5 21.Kh1 Nc4 22.Bc1
Nd6 23.e5 Nxb5 24.exf6 Nd4 25.Qxg6 Rxf6 26.Qxe8+ Rf8 27.Qh5 Rf5 28.Qg4 e5 
29.Be3 h5 30.Qh4 Ba6 31.Rf2 Qb3 32.g4 Rf8 33.Bxd4 cxd4 34.Qxh5 Qe3 35.f4 
1-0

[Event "6th EUR-ch (w)"]
[Site "Chisinau MDA"]
[Date "2005.06.12"]
[Round "2"]
[White "Alexanian, Nelli"]
[Black "Stepovaya, Tatiana"]
[Result "0-1"]
[WhiteElo "2211"]
[BlackElo "2348"]
[EventDate "2005.06.10"]
[PlyCount "82"]

1.d4 d5 2.c4 e6 3.Nc3 c6 4.Nf3 dxc4 5.a4 Bb4 6.e3 b5 7.Bd2 a5 8.axb5 Bxc3 
9.Bxc3 cxb5 10.b3 Bb7 11.d5 Nf6 12.bxc4 b4 13.Bxf6 Qxf6 14.Qa4+ Nd7 15.Nd4
e5 16.Nb3 Ke7 17.Be2 Qd6 18.O-O Nc5 19.Nxc5 Qxc5 20.Qc2 Bxd5 21.Qf5 Be6 
22.Qg5+ Kf8 23.Rad1 f6 24.Qg3 Kf7 25.f4 exf4 26.Rxf4 Rhd8 27.Rfd4 Qe7 28.
Qh4 Kg8 29.Qe4 Re8 30.Bh5 Bf7 31.Qxe7 Rxe7 32.Rd8+ Re8 33.Bxf7+ Kxf7 34.
R1d7+ Kg6 35.Rxa8 Rxa8 36.Rb7 Rc8 37.Rb5 Rxc4 38.Rxa5 Rc2 39.Rb5 Rb2 40.e4
b3 41.e5 fxe5 0-1

[Event "6th EUR-ch (w)"]
[Site "Chisinau MDA"]
[Date "2005.06.12"]
[Round "2"]
[White "Petrenko, Svetlana"]
[Black "Padurariu, Ioana-Smaranda"]
[Result "1-0"]
[WhiteElo "2348"]
[BlackElo "2153"]
[EventDate "2005.06.10"]
[PlyCount "117"]

1.e4 e6 2.d4 d5 3.Nd2 Nf6 4.e5 Nfd7 5.Bd3 c5 6.c3 Nc6 7.Ne2 cxd4 8.cxd4 
Nb6 9.O-O Bd7 10.a3 a5 11.b3 a4 12.b4 Na7 13.Nc3 Be7 14.Qh5 g6 15.Qh6 Bf8 
16.Qh3 Rc8 17.Bb2 Bc6 18.Qe3 h5 19.f4 Bh6 20.Rad1 Na8 21.b5 Bd7 22.Nxa4 
Bxb5 23.Bxb5+ Nxb5 24.Qb3 Qa5 25.Nc5 Bf8 26.Nxb7 Qa6 27.Nc5 Bxc5 28.dxc5 
Rxc5 29.a4 Na7 30.Ba3 Rc6 31.Kh1 Qb6 32.Qd3 Qa6 33.Qd4 Qb6 34.Qd3 Qa6 35.
Qb3 Qb6 36.Qa2 Qa6 37.Bb4 Nb6 38.a5 Nc4 39.Rfe1 Nxd2 40.Qxd2 Rc4 41.Rc1 
Nc6 42.Rxc4 Qxc4 43.Rc1 Qb5 44.h3 Kd7 45.Bd6 Ra8 46.Rc5 Qb1+ 47.Kh2 Ra6 
48.Rc2 Qf1 49.Rb2 Ra7 50.Qe3 d4 51.Qe4 f5 52.exf6 Kxd6 53.Rb6 Qc4 54.Rxc6+
Qxc6 55.Qxd4+ Qd5 56.Qb6+ Qc6 57.Qxa7 Qc4 58.Qb8+ Kd7 59.f7 1-0

[Event "6th EUR-ch (w)"]
[Site "Chisinau MDA"]
[Date "2005.06.12"]
[Round "2"]
[White "Sarakauskiene, Zivile"]
[Black "Vasilevich, Irina"]
[Result "0-1"]
[WhiteElo "2177"]
[BlackElo "2347"]
[EventDate "2005.06.10"]
[PlyCount "122"]

1.e4 c5 2.Nf3 e6 3.d4 cxd4 4.Nxd4 Nc6 5.Nc3 Qc7 6.Be2 a6 7.O-O Nf6 8.Kh1 
Be7 9.f4 d6 10.Be3 O-O 11.Qe1 Nxd4 12.Bxd4 b5 13.Qg3 Bb7 14.Bd3 b4 15.e5 
Nh5 16.Qg4 g6 17.Ne4 Bxe4 18.Bxe4 Rad8 19.Bd3 dxe5 20.Bxe5 Bd6 21.Rae1 
Bxe5 22.fxe5 a5 23.Rf3 Rd5 24.Qe4 Rfd8 25.Qe3 a4 26.g4 Ng7 27.Rh3 b3 28.
axb3 axb3 29.Re2 Rd4 30.Rg3 Qa5 31.Be4 Qxe5 32.cxb3 Qb5 33.Bc2 Qb4 34.h3 
Qb7+ 35.Kh2 Qc7 36.Kg2 e5 37.Rf3 R4d5 38.b4 Ne6 39.Ref2 R5d7 40.Qc3 Qb8 
41.Kg1 Nf4 42.Rg3 Rd4 43.b3 Rxb4 44.h4 Rbd4 45.Qe3 Qb5 46.Kh2 Qd5 47.h5 
Rd2 48.hxg6 hxg6 49.Rf3 Kg7 50.Kg3 Rxf2 51.Rxf2 Rh8 52.Rxf4 exf4+ 53.Qxf4 
Qc5 54.Be4 Qc3+ 55.Qf3 Qe5+ 56.Kf2 Rh2+ 57.Ke3 Qc3+ 58.Bd3 Qxb3 59.Qg3 
Qe6+ 60.Kf3 Rd2 61.Be4 Qb3+ 0-1

[Event "6th EUR-ch (w)"]
[Site "Chisinau MDA"]
[Date "2005.06.12"]
[Round "2"]
[White "Lupik, Marina"]
[Black "Zdebskaya, Natalia"]
[Result "1/2-1/2"]
[WhiteElo "2123"]
[BlackElo "2344"]
[EventDate "2005.06.10"]
[PlyCount "64"]

1.d4 Nf6 2.c4 e6 3.Nf3 b6 4.g3 Bb7 5.Bg2 Be7 6.O-O O-O 7.Nc3 Ne4 8.Qc2 
Nxc3 9.Qxc3 c5 10.Rd1 d6 11.Qc2 Nc6 12.e4 cxd4 13.Nxd4 Nxd4 14.Rxd4 Qc7 
15.Be3 Rac8 16.Rc1 Rfd8 17.Qe2 Bc6 18.b3 Qb7 19.f3 Bf6 20.Rdd1 h6 21.Bd4 
Bxd4+ 22.Rxd4 b5 23.Qd1 bxc4 24.Rcxc4 d5 25.exd5 Rxd5 26.f4 Rxd4 27.Qxd4 
Bxg2 28.Rxc8+ Qxc8 29.Kxg2 Qc6+ 30.Kg1 Qc1+ 31.Kg2 Qc6+ 32.Kg1 Qc1+ 
1/2-1/2

[Event "6th EUR-ch (w)"]
[Site "Chisinau MDA"]
[Date "2005.06.12"]
[Round "2"]
[White "Muzychuk, Maria"]
[Black "Houska, Jovanka"]
[Result "1-0"]
[WhiteElo "2059"]
[BlackElo "2334"]
[EventDate "2005.06.10"]
[PlyCount "169"]

1.e4 e5 2.Nf3 Nc6 3.Bc4 Bc5 4.b4 Bxb4 5.c3 Be7 6.d4 Na5 7.Nxe5 Nxc4 8.Nxc4
d5 9.exd5 Qxd5 10.Ne3 Qd7 11.O-O Nf6 12.c4 O-O 13.Nc3 Rd8 14.d5 c6 15.Qf3 
Qc7 16.Bb2 Rb8 17.Ne4 Nxe4 18.Qxe4 Bd6 19.h3 Bd7 20.Qd4 f6 21.c5 Be5 22.
Qc4 cxd5 23.Qxd5+ Kh8 24.Bxe5 fxe5 25.Nc4 Bb5 26.Nd6 Bc6 27.Qxe5 Re8 28.
Qf4 Rf8 29.Qc4 Rf6 30.Qd4 Rbf8 31.f3 Qd7 32.Rad1 Qe6 33.a3 Rf4 34.Qc3 h6 
35.Rde1 Qg6 36.Kh2 b6 37.Re3 R4f6 38.Rd1 Qg5 39.Qe5 Qg6 40.Rd2 Kh7 41.cxb6
axb6 42.Ne4 Rf5 43.Qd6 Bxe4 44.Qxg6+ Kxg6 45.fxe4 Rg5 46.e5 Re8 47.Rd6+ 
Kh7 48.e6 b5 49.Rd7 Rg6 50.e7 Kg8 51.Rd5 Rb6 52.Rb3 Rxe7 53.a4 b4 54.Rb5 
Ra6 55.R5xb4 Rea7 56.Ra3 Kf7 57.Re4 Ra5 58.Kg3 g5 59.Kg4 R7a6 60.Kh5 Kf6 
61.g4 Re5 62.Rf3+ Ke6 63.Rxe5+ Kxe5 64.Rf5+ Ke4 65.a5 Ke3 66.Rf7 Ke4 67.
Rh7 Kf4 68.Rxh6 Rxa5 69.Rf6+ Kg3 70.Rf5 Ra3 71.Rxg5 Kxh3 72.Rg8 Kg3 73.g5 
Kf4 74.Rf8+ Ke5 75.g6 Rh3+ 76.Kg5 Ke6 77.g7 Rg3+ 78.Kh6 Rh3+ 79.Kg6 Rg3+ 
80.Kh7 Rh3+ 81.Kg8 Ra3 82.Rf4 Ke5 83.Rf2 Ke6 84.Rh2 Ra8+ 85.Kh7 1-0

[Event "6th EUR-ch (w)"]
[Site "Chisinau MDA"]
[Date "2005.06.12"]
[Round "2"]
[White "Grabuzova, Tatiana"]
[Black "Lazo, Xenia"]
[Result "1-0"]
[WhiteElo "2327"]
[BlackElo "2001"]
[EventDate "2005.06.10"]
[PlyCount "47"]

1.b3 d5 2.Bb2 c5 3.e3 Nc6 4.f4 Nf6 5.Nf3 Bg4 6.h3 Bxf3 7.Qxf3 e6 8.Bb5 Ne4
9.O-O f5 10.Bxc6+ bxc6 11.d3 Nd6 12.c4 Rc8 13.Nc3 d4 14.Na4 Nb7 15.Qf2 
dxe3 16.Qxe3 Kf7 17.Rfe1 Qd7 18.Rad1 Bd6 19.d4 cxd4 20.Qxd4 Rhg8 21.c5 
Bxc5 22.Nxc5 Qxd4+ 23.Bxd4 Nxc5 24.Bxc5 1-0

[Event "6th EUR-ch (w)"]
[Site "Chisinau MDA"]
[Date "2005.06.12"]
[Round "2"]
[White "Cherednichenko, Elena"]
[Black "Shumiakina, Tatiana"]
[Result "0-1"]
[WhiteElo "1969"]
[BlackElo "2316"]
[EventDate "2005.06.10"]
[PlyCount "102"]

1.d4 Nf6 2.c4 e6 3.Nc3 Bb4 4.Nf3 c5 5.e3 O-O 6.Qc2 b6 7.Be2 Bb7 8.O-O d5 
9.a3 Bxc3 10.Qxc3 Nbd7 11.dxc5 Nxc5 12.b4 Nce4 13.Qb3 dxc4 14.Bxc4 Nd6 15.
Be2 Bd5 16.Qd1 Nc4 17.Bxc4 Bxc4 18.Qxd8 Rfxd8 19.Re1 Ne4 20.Bb2 f6 21.Rac1
b5 22.a4 a6 23.a5 e5 24.Rc2 Rd3 25.Nh4 Rb3 26.f3 Bd3 27.Rc7 Rxb2 28.fxe4 
Bxe4 29.Rd1 Rxb4 30.Rdd7 Rb1+ 31.Kf2 Rb2+ 32.Kg3 g5 33.Nf3 Rc2 34.Rg7+ Kh8
35.Rcd7 b4 36.Rgf7 b3 37.Rxf6 b2 38.Rb6 g4 39.Nd2 Rxd2 40.Rxd2 b1=Q 41.
Rxb1 Bxb1 42.Kxg4 Rg8+ 43.Kf3 e4+ 44.Kf4 Bd3 45.Rb2 Rf8+ 46.Kg5 Bb5 47.Rd2
Kg7 48.h4 Rf7 49.Rd4 h6+ 50.Kg4 Be2+ 51.Kg3 Bd3 0-1

[Event "6th EUR-ch (w)"]
[Site "Chisinau MDA"]
[Date "2005.06.12"]
[Round "2"]
[White "Radziewicz, Iweta"]
[Black "Vartic, Irina"]
[Result "1-0"]
[WhiteElo "2457"]
[BlackElo "1948"]
[EventDate "2005.06.10"]
[PlyCount "51"]

1.Nf3 Nf6 2.c4 g6 3.Nc3 Bg7 4.e4 d6 5.d4 c5 6.d5 O-O 7.Bd3 e6 8.h3 exd5 9.
cxd5 Re8 10.O-O a6 11.a4 Nbd7 12.Bf4 Qc7 13.Bh2 Rb8 14.Re1 c4 15.Bc2 b5 
16.axb5 axb5 17.Nd4 Qc5 18.Nc6 Rb7 19.Ra5 Qb6 20.Rxb5 Qa6 21.Ra5 Qb6 22.
Bxd6 Qxb2 23.Na4 Qa2 24.Nc5 Qb2 25.Nxb7 Bxb7 26.Qb1 1-0